[Event "Moscow op (Women) 17th"]
[Site "Moscow"]
[Date "2021.02.26"]
[Round "7"]
[White "Voskresenskaya, Marta"]
[Black "Ponomareva, Varvara"]
[Result "1/2-1/2"]
[WhiteElo "1853"]
[BlackElo "1663"]
[PlyCount "80"]
[EventDate "2021.02.20"]
[EventType "swiss"]
[EventRounds "9"]
[EventCountry "RUS"]
[SourceTitle "CBM 200 Extra"]
[Source "ChessBase"]
[SourceDate "2021.03.31"]
[SourceVersion "1"]
[SourceVersionDate "2021.03.31"]
[SourceQuality "1"]

1. d4 Nf6 2. c4 e6 3. Nf3 d5 4. Nc3 Be7 5. Bg5 h6 6. Bh4 0-0 7. e3 b6 8. cxd5 Nxd5 9. Bxe7 Qxe7 10. Nxd5 exd5 11. Bd3 Be6 12. 0-0 Nd7 13. Rc1 c5 14. h3 f5 15. Bb5 Nf6 16. Ne5 Rfc8 17. Qe2 Ne4 18. Rfd1 Qf6 19. Ba6 Re8 20. f4 Re7 21. Bd3 c4 22. Bxe4 fxe4 23. Rf1 g6 24. Rc2 Rg7 25. Qe1 Qe7 26. g4 Rf8 27. Rcf2 Qh4 28. Rh2 Qxe1 29. Rxe1 Bd7 30. Rf2 Bc8 31. Kh2 Rf6 32. Kg3 Kh7 33. h4 h5 34. Rh2 Bxg4 35. Nxg4 hxg4 36. Kxg4 Kh6 37. Kg3 b5 38. Kf2 b4 39. b3 cxb3 40. axb3 Rc6 1/2-1/2

[Event "Moscow Time of the First U13 Girls"]
[Site "Moscow"]
[Date "2019.06.22"]
[Round "8"]
[White "Ponomareva, Varvara"]
[Black "Zheleznaya, Anastasia"]
[Result "1-0"]
[WhiteElo "1445"]
[BlackElo "1111"]
[PlyCount "101"]
[EventDate "2019.06.17"]
[EventType "swiss"]
[EventRounds "9"]
[EventCountry "RUS"]
[SourceTitle "EXT 2021"]
[Source "ChessBase"]
[SourceDate "2020.10.23"]
[SourceVersion "1"]
[SourceVersionDate "2020.10.23"]
[SourceQuality "1"]

1. d4 d5 2. c4 e6 3. Nc3 Nf6 4. cxd5 exd5 5. Bg5 Nbd7 6. e3 Be7 7. Bd3 h6 8. Bh4 0-0 9. Nge2 c6 10. 0-0 Nb6 11. Qc2 Be6 12. Rad1 Rc8 13. f3 Nc4 14. Bxc4 dxc4 15. e4 b5 16. Nf4 a6 17. d5 cxd5 18. exd5 Bc5+ 19. Bf2 Bxf2+ 20. Rxf2 Bd7 21. Rfd2 Qb6+ 22. Rd4 Rfe8 23. Qf2 Qd6 24. g3 Re7 25. Ne4 Nxe4 26. fxe4 Rce8 27. Re1 Bf5 28. Qf3 Qc5 29. Qf2 Rxe4 30. Rdxe4 Qxf2+ 31. Kxf2 Rxe4 32. Rxe4 Bxe4 33. Ke3 Bf5 34. Kd4 Kf8 35. Ke5 Bc8 36. Kd6 Ke8 37. Kc7 Bd7 38. d6 b4 39. Nd5 a5 40. Nb6 c3 41. Nxd7 c2 42. Nc5 f5 43. d7+ Kf7 44. Nd3 g5 45. d8Q f4 46. gxf4 gxf4 47. Qh4 f3 48. Qf4+ Kg6 49. Qxf3 a4 50. Qg2+ Kf6 51. Qxc2 1-0

[Event "Moscow Time of the First U13 Girls"]
[Site "Moscow"]
[Date "2019.06.21"]
[Round "7"]
[White "Barkasheva, Sofia"]
[Black "Ponomareva, Varvara"]
[Result "1/2-1/2"]
[WhiteElo "1303"]
[BlackElo "1445"]
[PlyCount "58"]
[EventDate "2019.06.17"]
[EventType "swiss"]
[EventRounds "9"]
[EventCountry "RUS"]
[SourceTitle "EXT 2021"]
[Source "ChessBase"]
[SourceDate "2020.10.23"]
[SourceVersion "1"]
[SourceVersionDate "2020.10.23"]
[SourceQuality "1"]

1. e4 e6 2. d4 d5 3. Nd2 c5 4. Ngf3 Nf6 5. exd5 exd5 6. dxc5 Bxc5 7. Bd3 0-0 8. 0-0 Nc6 9. b3 Nb4 10. Nb1 Nxd3 11. Qxd3 h6 12. Bb2 Be6 13. Nc3 Qd7 14. Ne5 Qc8 15. Rad1 Rd8 16. Nb5 a6 17. Nd4 Bxd4 18. Bxd4 Bf5 19. Qe3 Qxc2 20. Rd2 Qc8 21. Re2 Qe6 22. f3 Bh7 23. Qf2 Re8 24. Rfe1 Qd6 25. Bc5 Qb8 26. Bb6 Qd6 27. Bc5 Qb8 28. Bb6 Qd6 29. Bc5 Qb8 1/2-1/2

[Event "Moscow Time of the First U13 Girls"]
[Site "Moscow"]
[Date "2019.06.19"]
[Round "3"]
[White "Gurgenidze, Aleksandra"]
[Black "Ponomareva, Varvara"]
[Result "0-1"]
[WhiteElo "1367"]
[BlackElo "1445"]
[PlyCount "98"]
[EventDate "2019.06.17"]
[EventType "swiss"]
[EventRounds "9"]
[EventCountry "RUS"]
[SourceTitle "EXT 2021"]
[Source "ChessBase"]
[SourceDate "2020.10.23"]
[SourceVersion "1"]
[SourceVersionDate "2020.10.23"]
[SourceQuality "1"]

1. b3 d5 2. Bb2 c6 3. e3 Bf5 4. Nf3 Nf6 5. Be2 e6 6. 0-0 Be7 7. d3 0-0 8. Nbd2 h6 9. c4 a5 10. Rc1 Na6 11. d4 Nb4 12. a3 Nd3 13. Bxd3 Bxd3 14. Re1 Qb6 15. Ne5 Bh7 16. f3 Rfd8 17. c5 Qc7 18. e4 Nd7 19. exd5 cxd5 20. f4 Nxe5 21. fxe5 b6 22. b4 axb4 23. axb4 bxc5 24. bxc5 Rdb8 25. Bc3 Ra3 26. Qh5 Bg5 27. h4 Bg6 28. Qg4 Bf5 29. Qh5 g6 30. Qe2 Bxh4 31. Rf1 Bg5 32. Rfd1 h5 33. Qf2 Bg4 34. Rf1 Qe7 35. Nb1 Bxc1 36. Nxa3 Bxa3 37. Qe3 Rb3 38. Qd2 Qb7 39. Kh2 Bb2 40. Bxb2 Rxb2 41. Qf4 Bf5 42. Qg5 Qb8 43. c6 Rc2 44. Rc1 Qc7 45. Rxc2 Bxc2 46. Qf6 Ba4 47. Qf2 Qxc6 48. Qh4 Qb6 49. Qf2 Qd8 0-1

[Event "Wch U10 Girls rapid"]
[Site "Minsk"]
[Date "2018.06.23"]
[Round "6"]
[White "Ponomareva, Varvara"]
[Black "Kobak, Polina"]
[Result "1/2-1/2"]
[WhiteElo "1192"]
[BlackElo "1291"]
[PlyCount "119"]
[EventDate "2018.06.22"]
[EventType "swiss (rapid)"]
[EventRounds "9"]
[EventCountry "BLR"]
[SourceTitle "EXT 2019"]
[Source "ChessBase"]
[SourceDate "2018.10.10"]
[SourceVersion "1"]
[SourceVersionDate "2018.10.10"]
[SourceQuality "1"]

1. d4 d5 2. c4 c6 3. e3 Nf6 4. Nf3 e6 5. g3 Nbd7 6. Nc3 Bd6 7. Bg2 dxc4 8. Nd2 0-0 9. Nxc4 Bc7 10. e4 e5 11. dxe5 Nxe5 12. Nxe5 Qxd1+ 13. Kxd1 Bxe5 14. f4 Bg4+ 15. Kc2 Bc7 16. f5 Bh5 17. Re1 Nd7 18. b3 f6 19. Ba3 Rfe8 20. Rac1 Ne5 21. h3 Rad8 22. Rb1 Nd3 23. Re3 Ne5 24. g4 Bf7 25. Rd1 Rxd1 26. Kxd1 Rd8+ 27. Kc2 Bb6 28. Re1 Nd3 29. Rd1 Nf4 30. Rxd8+ Bxd8 31. Bf1 h5 32. Bd6 g5 33. fxg6 Nxg6 34. gxh5 Ne5 35. Bxe5 fxe5 36. Be2 Kg7 37. Na4 b6 38. b4 Bxa2 39. Bg4 Bf7 40. Bd7 Bxh5 41. Bxc6 Bf3 42. Nb2 Bg2 43. Nd3 Bf6 44. Nf2 Kh6 45. Kc3 Kg5 46. Kc4 Bf1+ 47. Kd5 Kf4 48. Ng4 Bg7 49. Nf2 Kg3 50. Ng4 Kf4 51. Nf2 a6 52. Bb7 Bf8 53. Ng4 Bxb4 54. Nxe5 Bc3 55. Nc6 a5 56. h4 Bg2 57. Kc4 Bf6 58. e5 Bxh4 59. e6 Bxc6 60. Bxc6 1/2-1/2